000 00387nam a2200169Ia 4500
999 _c7224
_d7224
003 OSt
005 20200929133654.0
008 200302s9999 xx 000 0 und d
020 _a9788123926513
082 _a574.5
_bMIC
100 _aMichael PN
245 _aEcology
260 _bCBS Publishers and distributers pvt.ltd
_aNew Delhi
260 _c2016
300 _a555
942 _2ddc